| 000 | 01302cam a2200265 4500 | ||
|---|---|---|---|
| 001 | ABS66070 | ||
| 008 | 021028n2002 000 0 eng u | ||
| 035 | _a(Sirsi) u120274 | ||
| 100 | _aMarks, S. | ||
| 245 | _aTake a break | ||
| 260 | _c2002 | ||
| 490 |
_aSolicitors' Journal _v146(35) 20 September 2002, 826-827(2) |
||
| 520 | _aExamines the issues and case law affecting break options which have become very popular for landlords and tenants in modern commercial leases. Discusses in some detail the following areas:conditional break options; the significance of the date of the break notice and the rent payment dates under the lease; and the situation with headleases and underleases. Concludes by advising landlords, tenants and legal advisers to fully understand the effect of the wording of each individual break option to avoid legal battles. Case law. | ||
| 590 | _aABS | ||
| 650 | _aBREAK OPTIONS | ||
| 650 | _aREED PERSONNEL SERVICES V AMERICAN EXPRESS EUROPE | ||
| 650 | _aWILLIAM HILL (FOOTBALL) V WILLEN KEY AND HARDWARE | ||
| 650 | _aCREDIT LYONNAIS SA V RUSSELL JONES AND WALKER | ||
| 650 | _aBARRETT V MORGAN | ||
| 650 | _aCOMMERCIAL LEASES | ||
| 650 | _aHEADLEASES | ||
| 650 | _aUNDERLEASES | ||
| 690 | _aLANDLORD AND TENANT-BUSINESS TENANCIES | ||
| 942 | _n0 | ||
| 999 |
_c71458 _d71458 |
||